| 000 | 00599nam a2200205 a 4500 | ||
|---|---|---|---|
| 005 | 20240806063920.0 | ||
| 008 | 060502s2002 mx r 000 0 spa d | ||
| 020 | _a9686941819 | ||
| 035 | _aUPN01000144091 | ||
| 049 | _aCG | ||
| 050 | 4 |
_aPQ7298.23 A8 _bP8.3 |
|
| 100 | 1 |
_aMastretta, Ángeles, _d1949- _929183 |
|
| 245 | 1 | 0 |
_aPuerto libre / _cAngeles Mastretta. |
| 260 |
_aMéxico : _bPlaneta ; _aBarcelona, Esp. : _bSeix Barral, _c2002. |
||
| 300 | _a217 p. | ||
| 440 | 0 | _aBiblioteca breve | |
| 650 | 4 |
_aLiteratura mexicana _94466 |
|
| 650 | 7 |
_aMujeres en la literatura _2 _92269 |
|
| 905 | _aLibro | ||
| 999 |
_c116238 _d116238 |
||